| 000 | 00664nam a22002177a 4500 | ||
|---|---|---|---|
| 999 |
_c63724 _d63724 |
||
| 005 | 20240530110655.0 | ||
| 008 | 171219s2016 ua g 000 f eng d | ||
| 017 |
_a2014/18961 _bمصر. دار الكتب |
||
| 020 | _a23569026 | ||
| 040 |
_aEG-CaGPL _cEG-CaGPL |
||
| 082 | 0 | 4 |
_221 _a813.02 _bط/ ن أ |
| 110 | 0 | _aنهضة مصر | |
| 245 | 1 | 0 |
_aارض الوحوش / _cنهضة مصر |
| 250 | _aط.1 | ||
| 260 |
_aالقاهرة : _bدار نهضة مصر للنشر ، _c2016 . |
||
| 300 |
_a335 ص. ؛ _c24 سم. |
||
| 650 | 0 | 7 |
_2qrmak _aقصص الاطفال |
| 651 | _2qrmak | ||
| 942 |
_2ddc _cBK |
||